| 000 | 00811nam a22002297a 4500 | ||
|---|---|---|---|
| 999 |
_c330803 _d330803 |
||
| 003 | NUST | ||
| 005 | 20170808105114.0 | ||
| 008 | 131219b xxu||||| |||| 00| 0 eng d | ||
| 020 |
_a8122902553 _cAvailable |
||
| 040 |
_aDLC _bDLC _c0 |
||
| 082 | _a823 ACH | ||
| 100 |
_aAchbe,Chinua _9303 |
||
| 245 |
_aThings Fall Apart _cChinua Achebe |
||
| 260 |
_aDelhi India _bSurjeet Publications _cc2007 |
||
| 300 |
_a215p. _bill. _c22,cm. |
||
| 500 | _aP.B | ||
| 538 | _iShelf # 13, Row # 1, Fiction. | ||
| 650 |
_aLiterature & Fiction _9304 |
||
| 856 | _3Table of Content Only | ||
| 942 |
_2ddc _cBK _kIESE |
||